00871nam a22002417a 45000010005000000030006000050050017000110080041000280200018000690400029000870500008001160820013001241000032001372450073001692600048002423000045002904900037003355050007003725200167003795210027005465210018005736500038005919215FISKH20251202154850.0251202b cb ||||| |||| 00| 0 eng d a9781848105034 aFISKHbengcFISKHdFISKH aPZ7 a823.9208 aGallagher, Belinda eAuthor aPuss in boots and other stories :bTen-minute stories /cMiles Kelly aEssex :bMiles Kelly Publishing Ltd ,c2011 a40 pages :bcolor illustrations ;c28 cm aTen-Minute Stories - Miles Kelly aL  aSimply retold and wonderfully illustrated, this series brings together charming tales that children will enjoy. Each story takes approximately 10 minutes to read.8 a600 bLexile estimate 8 aL bRaz-Plus  aChildren's fictionvPuss in boots